Russia's transition to a new Federalism (Record no. 56873)

MARC details
000 -LEADER
fixed length control field 00908nam a2200229 a 4500
008 - FIXED-LENGTH DATA ELEMENTS--GENERAL INFORMATION
fixed length control field 071031s2001 ||||||||||||||||| || u
020 ## - INTERNATIONAL STANDARD BOOK NUMBER
International Standard Book Number 082134840X
050 ## - LIBRARY OF CONGRESS CALL NUMBER
Classification number IBRD(06)LR/2001/1
100 ## - MAIN ENTRY--PERSONAL NAME
Personal name Boex, Jameson
245 10 - TITLE STATEMENT
Title Russia's transition to a new Federalism
Statement of responsibility, etc. Jorge Martinez-Vazquez and Jameson Boex
260 ## - PUBLICATION, DISTRIBUTION, ETC.
Place of publication, distribution, etc. Washington, D. C.:
Name of publisher, distributor, etc. World Bank
Date of publication, distribution, etc. 2001
300 ## - PHYSICAL DESCRIPTION
Extent xiii, 99p.: ill.
350 ## - PRICE (NR) (BK AM CF MU VM SE) [OBSOLETE]
Price 0.00
490 ## - SERIES STATEMENT
Series statement WBI learning resources
650 ## - SUBJECT ADDED ENTRY--TOPICAL TERM
Topical term or geographic name entry element FEDERAL GOVERNMENT--RUSSIA (FEDERATION)
650 ## - SUBJECT ADDED ENTRY--TOPICAL TERM
Topical term or geographic name entry element INTERGOVERNMENTAL FISCAL RELATIONS--RUSSIA (FEDERATION)
650 ## - SUBJECT ADDED ENTRY--TOPICAL TERM
Topical term or geographic name entry element RUSSIA
650 ## - SUBJECT ADDED ENTRY--TOPICAL TERM
Topical term or geographic name entry element RUSSIA(FEDERATION)--APPROPRIATIONS AND EXPENDITURES--STATISTICS
700 ## - ADDED ENTRY--PERSONAL NAME
Personal name Martinez-Vazquez, Jorge
710 ## - ADDED ENTRY--CORPORATE NAME
Corporate name or jurisdiction name as entry element World Bank
995 ## - RECOMMENDATION 995 [LOCAL, UNIMARC FRANCE]
-- 0.00
-- CBU-MAIN LIBRARY (Kitwe)
-- 1
-- 0.00
-- 1
-- AVAILABLE
-- Oct 31, 2007
-- International Publications
Holdings
Withdrawn status Lost status Source of classification or shelving scheme Damaged status Not for loan Home library Current library Shelving location Date acquired Total Checkouts Full call number Barcode Date last seen Price effective from Koha item type
          CBU-MAIN LIBRARY, KITWE. CBU-MAIN LIBRARY, KITWE.   11/30/2022   IBRD(06)LR/2001/1 029447 11/30/2022 11/30/2022 MONOGRAPH